000 00582nam a2200229Ia 4500
008 210210b2007 xxu||||| |||| 00| 0 eng d
020 _a9780521670050
041 _aeng
082 _a302 VALC
100 _aVALSINER (Jaan)
245 _aCambridge handbook of sociocultural psychology
260 _aNew York
_bCambridge University Press
_c2007
300 _axvii,729
650 _asociocultural
650 _apsychology
650 _aof
650 _ahandbook
650 _aCambridge
690 _aSocial Psychology
700 _aROSA (Alberto) Ed
906 _a067126
999 _c149565
_d149565